Proceso criminal fulminado contra el Rmo. P.M. Fray Froylan Díaz de la Sagrada Religión de Predicadores, confesor del Rey N.S.D. Carlos II, que tuvo principio en el año 1698 y se concluyó en el de 1704 (Record no. 5633)

MARC details
000 -CABECERA
campo de control de longitud fija 01406nam a2200313 a 4500
001 - NÚMERO DE CONTROL
campo de control BRCA_5944
005 - FECHA Y HORA DE LA ÚLTIMA TRANSACCIÓN
campo de control 20190320205254.0
008 - DATOS DE LONGITUD FIJA--INFORMACIÓN GENERAL
campo de control de longitud fija 240311s1787----sp-#######---#000-0dspa-#
041 ## - CÓDIGO DE LENGUA
Código de lengua del texto/banda sonora o título independiente spa
044 ## - CÓDIGO DEL PAÍS DE LA ENTIDAD EDITORA/PRODUCTORA
Código MARC del país sp
050 #4 - SIGNATURA TOPOGRÁFICA DE LA BIBLIOTECA DEL CONGRESO
Número de clasificación KKT7309.35
Número de documento/Ítem .D53 P76
-- 1787
100 1# - ENTRADA PRINCIPAL--NOMBRE DE PERSONA
Nombre de persona Díaz de los Llanos, Froilán
Fechas asociadas al nombre 1709
9 (RLIN) 15013
245 10 - MENCIÓN DE TÍTULO
Título Proceso criminal fulminado contra el Rmo. P.M. Fray Froylan Díaz de la Sagrada Religión de Predicadores, confesor del Rey N.S.D. Carlos II, que tuvo principio en el año 1698 y se concluyó en el de 1704
Resto del título con relación histórica del estado de esta Monarquía y su gobierno.
260 ## - PUBLICACIÓN, DISTRIBUCIÓN, ETC.
Lugar de publicación, distribución, etc. Madrid
Nombre del editor, distribuidor, etc. Don Blas Román
Fecha de publicación, distribución, etc. 1787
300 ## - DESCRIPCIÓN FÍSICA
Extensión 230 p.
Dimensiones 15 cm.
500 ## - NOTA GENERAL
Nota general Con relacion historica del estado de esta monarquía y su gobierno
500 ## - NOTA GENERAL
Nota general Estado físico: en el lómo tiene un corte; cosido a mano.
500 ## - NOTA GENERAL
Nota general Fondo antiguo
500 ## - NOTA GENERAL
Nota general Se encuentra en Caja Fuerte
500 ## - NOTA GENERAL
Nota general H158
500 ## - NOTA GENERAL
Nota general Nota de encuadernación: en piel pergamino
500 ## - NOTA GENERAL
Nota general Con Ex-libris de: Franz Mayer
506 0# - NOTA DE RESTRICCIONES AL ACCESO
Limitaciones de acceso Fondo reservado: para su consulta es necesario credencial de usuario y carta de motivos
650 14 - PUNTO DE ACCESO ADICIONAL DE MATERIA--TÉRMINO DE MATERIA
Término de materia o nombre geográfico como elemento de entrada Jurisdicción (Derecho eclesiástico)
Subdivisión geográfica Madrid, España
9 (RLIN) 15014
650 14 - PUNTO DE ACCESO ADICIONAL DE MATERIA--TÉRMINO DE MATERIA
Término de materia o nombre geográfico como elemento de entrada Inquisición
Subdivisión general Historia
Subdivisión cronológica s.XVIII
Subdivisión geográfica España
9 (RLIN) 15015
740 0# - PUNTO DE ACCESO ADICIONAL--TÍTULO RELACIONADO O ANALÍTICO NO CONTROLADO
Título relacionado o analítico no controlado Críticos documentos, que sirven como de segunda parte al Proceso criminal
902 ## - CATALOGADOR
Iniciales LAR
942 ## - ELEMENTOS DE PUNTO DE ACCESO ADICIONAL (KOHA)
Fuente del sistema de clasificación o colocación Library of Congress Classification
Tipo de ítem Koha Libros
Holdings
Estado de retiro Estado de pérdida Estado dañado No para préstamo Localización permanente Ubicación/localización actual Fecha de adquisición Número de inventario Total de préstamos Signatura topográfica completa Código de barras Fecha visto por última vez Precio válido a partir de Tipo de ítem Koha
El ejemplar forma parte de la colección y puede ser consultado según las políticas vigentes.       Biblioteca del Museo Franz Mayer (Rogerio Casas-Alatriste) Biblioteca del Museo Franz Mayer (Rogerio Casas-Alatriste) 24/03/2011 H158   KKT7309.35 .D53 P76 1787 (H158) LAR00004 22/03/2019 22/03/2019 Libros